International Relations/ (Record no. 77063)
[ view plain ]
| 000 -LEADER | |
|---|---|
| fixed length control field | 00715nam a22002177a 4500 |
| 005 - DATE AND TIME OF LATEST TRANSACTION | |
| control field | 20130628150719.0 |
| 010 ## - LCCN (DPL NO) | |
| LC control number | B-508960-961 |
| 020 ## - INTERNATIONAL STANDARD BOOK NUMBER | |
| International Standard Book Number | 9788131724798 |
| Terms of availability | 525.00 |
| 035 ## - SYSTEM CONTROL NUMBER | |
| System control number | B-508960-961 |
| 037 ## - SOURCE OF ACQUISITION | |
| Stock number | dpl |
| Source of stock number/acquisition | KBD/Ven |
| 082 ## - DEWEY DECIMAL CLASSIFICATION NUMBER | |
| Classification number | 327 |
| 100 ## - MAIN ENTRY--PERSONAL NAME | |
| Personal name | Goldstein Joshua S |
| 245 ## - TITLE STATEMENT | |
| Title | International Relations/ |
| Statement of responsibility, etc | byJoshua S.Goldstein and Jon C. Pevehouse |
| 250 ## - EDITION STATEMENT | |
| Edition statement | 8th |
| 260 ## - PUBLICATION, DISTRIBUTION, ETC. (IMPRINT) | |
| Place of publication, distribution, etc | New Delhi |
| Name of publisher, distributor, etc | Pearson |
| Date of publication, distribution, etc | 2013 |
| 270 ## - ADDRESS | |
| Address | 11 Community Centre, Panchsheel Park |
| City | New Delhi |
| Postal code | 110017 |
| 300 ## - PHYSICAL DESCRIPTION | |
| Extent | 558p. |
| Other physical details | ill. |
| Dimensions | 25cm(pbk) |
| 700 ## - ADDED ENTRY--PERSONAL NAME | |
| Dates associated with a name | Pevehouse Jon C. |
| 942 ## - ADDED ENTRY ELEMENTS (KOHA) | |
| Source of classification or shelving scheme | Dewey Decimal Classification |
| Item type | English Books |
| Classification part | 327 |
| Call number suffix | GOL |
| Withdrawn status | Lost status | Not for loan | Collection code | Home library | Current library | Date acquired | Source of acquisition | Cost, normal purchase price | Full call number | Barcode | Copy number | Cost, replacement price | Koha item type |
|---|---|---|---|---|---|---|---|---|---|---|---|---|---|
| Written-off vide DLB M. No. 383 dt 16.05.19 | Non-fiction | Sarojini Nagar | Sarojini Nagar | 28/06/2013 | KBD/BL20/19.03.2013/171/08.01.2013/22.3.2013 | 525.00 | 327 GOL | B-508960 | 1 | 525.00 | English Books | ||
| Not For Loan | Non-fiction | South Zone Lib (REF) | South Zone Lib (REF) | 28/06/2013 | KBD/BL20/19.03.2013/171/08.01.2013/22.3.2013 | 525.00 | 327 GOL | B-508961 | 1 | 525.00 | English Books |
